| 000 | 00697nam a2200229 i 4500 | ||
|---|---|---|---|
| 001 | bg | ||
| 245 | 1 | 0 |
_aDevelopments in mechanical engineering / _ceds Adam Barylski, Janusz T. Cieśliński. |
| 260 |
_aGdańsk : _bWydaw. Politechniki Gdańskiej, _c2005. |
||
| 300 |
_a241 s. : _bil. ; _c24 cm. |
||
| 504 | _aBibliogr. przy rozdz. | ||
| 650 | 9 |
_aMechanika stosowana _xzagadnienia |
|
| 650 | 9 |
_aTermodynamika _xzagadnienia |
|
| 700 | 1 |
_aBARYLSKI, Adam. _eRed. |
|
| 700 | 1 |
_aCIEŚLINSKI, Janusz T. _eRed. |
|
| 020 | _a8373481133 | ||
| 040 | _cBPK | ||
| 041 | 0 | _aeng | |
| 080 | _a621.01:536.7:621.1.01 | ||
| 920 | _a83-7348-113-3 | ||
| 942 | _cKS | ||
| 008 | s pl f |000 0 pol | ||
| 999 |
_c46428 _d46428 |
||
| 856 |
_uhttp://koha.tu.koszalin.pl/cgi-bin/koha/opac-detail.pl?biblionumber=46428 _yKatalog online BPK |
||